Estadísticas para Banderas del Medio Oriente

Haz click aquí para intentar la prueba.

Estadísticas generales

  • Esta prueba ha sido intentada 4.955 veces
  • La puntuación promedio es 14 de 16

Estadísticas de respuestas

Respuesta% Correcto
Israel
99%
Turquía
99%
Arabia Saudita
97%
Chipre
96%
Egipto
95%
Irán
95%
Catar
94%
Líbano
94%
Irak
92%
Siria
89%
Baréin
81%
Jordania
81%
Yemen
81%
Emiratos Árabes Unidos
80%
Omán
77%
Kuwait
76%

Distribución de puntuación

Porcentaje por número respondido

Porcentaje de gente con cada puntuación

Historial de tus puntuaciones

No has intentado esta prueba.